| 000 | 00626nas a2200229 4500 | ||
|---|---|---|---|
| 005 | 20180518140543.0 | ||
| 008 | 180518b xxu||||| |||| 00| 0 spa d | ||
| 022 | _a22154515 | ||
| 082 | _aCartago Mío, Vol. 3, Número 15, 2016 | ||
| 245 | _aLa inquisición en Cartago | ||
| 260 | _aCosta Rica | ||
| 260 | _bFractal21 | ||
| 260 | _c2018 | ||
| 300 | _a16-17 | ||
| 440 |
_aCartago Mío _n15 _v3 _947083 |
||
| 650 |
_aCOSTA RICA _947084 |
||
| 650 |
_aCARTAGO _91052 |
||
| 650 |
_aINQUISICIÓN _918746 |
||
| 650 |
_aHISTORIA _943 |
||
| 942 | _cREV | ||
| 773 | 0 |
_08648 _931368 _a _b _dCosta Rica 2016 _oCM18153 _tCartago Mío _w _x _z |
|
| 999 |
_c10643 _d10643 |
||